| 000 | 01209nam a2200325 a 4500 | ||
|---|---|---|---|
| 001 | BRL_1885 | ||
| 005 | 20190320211422.0 | ||
| 008 | 120815s1981----mx-ao#####---#000-0#spa-# | ||
| 020 | _a9688220213 | ||
| 041 | _aspa | ||
| 044 | _amx | ||
| 050 | 4 |
_aF1221.C56 _b.R45 1981 |
|
| 245 | 1 | 0 |
_aRelatos, mitos y leyendas de la chinantla _crelatos recopilados por Robert J. Weitlaner ; selección, introducción y notas de María Sara Molinari, María Luisa Acevedo, Marlene Aguayo Alfaro ; dibujos Alberto Beltrán. |
| 250 | _a2a ed. | ||
| 260 |
_aMéxico _bInstituto Nacional Indigenista _c1981 |
||
| 300 |
_a256 p. _bil. _c21 cm. |
||
| 440 | 0 |
_aColección INI _pSerie Antropología Social _vno.53 _928143 |
|
| 500 | _aAu2046 | ||
| 504 | _aBibliografía: p. 251-254 | ||
| 650 | 1 | 4 |
_aChinantecos _xLeyendas _928144 |
| 650 | 1 | 4 |
_aIndígenas de México _xLeyendas _zOaxaca (México) _928145 |
| 650 | 1 | 4 |
_aChinantecos _xReligión y Mitología _928146 |
| 700 | 1 |
_aWeitlaner, Roberto J. _ecomp. _928147 |
|
| 700 | 1 |
_aMolinari, María Sara _928148 |
|
| 700 | 1 |
_aAcevedo, María Luisa _928149 |
|
| 700 | 1 |
_aAguayo Alfaro, Marlene _928150 |
|
| 700 | 1 |
_aBeltrán, Alberto _eil. _99572 |
|
| 902 | _aGRL | ||
| 942 |
_2lcc _cB |
||
| 999 |
_c10693 _d10693 |
||